<?xml version="1.0" encoding="UTF-8"?>
<record
    xmlns:xsi="http://www.w3.org/2001/XMLSchema-instance"
    xsi:schemaLocation="http://www.loc.gov/MARC21/slim http://www.loc.gov/standards/marcxml/schema/MARC21slim.xsd"
    xmlns="http://www.loc.gov/MARC21/slim">

  <leader>00953nam a2200217 a 4500</leader>
  <controlfield tag="001">000020475</controlfield>
  <controlfield tag="005">20200930011122.0</controlfield>
  <controlfield tag="008">081124s1810    dr      r     000 0 spa d</controlfield>
  <datafield tag="040" ind1=" " ind2=" ">
    <subfield code="a">DO-SdBNP</subfield>
    <subfield code="b">spa</subfield>
    <subfield code="c">BNPHU</subfield>
  </datafield>
  <datafield tag="082" ind1=" " ind2=" ">
    <subfield code="a">972.9303</subfield>
    <subfield code="b">G958d</subfield>
  </datafield>
  <datafield tag="100" ind1="1" ind2=" ">
    <subfield code="a">Guillermin, Gilbert</subfield>
    <subfield code="9">574</subfield>
  </datafield>
  <datafield tag="245" ind1="1" ind2="0">
    <subfield code="a">Diario hist&#xF3;rico :</subfield>
    <subfield code="b">de la revoluci&#xF3;n de la parte del Este de Santo Domingo, comenzada el 10 de agosto de 1808, con notas estad&#xED;sticas sobre esta parte /</subfield>
    <subfield code="c">Gilbert Guillermin ; traducido del franc&#xE9;s Armando Rodr&#xED;guez.</subfield>
  </datafield>
  <datafield tag="260" ind1=" " ind2=" ">
    <subfield code="a">Filadelfia, Estados Unidos :</subfield>
    <subfield code="b">Imprenta de P. U. Lafourcade,</subfield>
    <subfield code="c">[1810].</subfield>
  </datafield>
  <datafield tag="300" ind1=" " ind2=" ">
    <subfield code="a">lii , 287 p. ;</subfield>
    <subfield code="c">24 cm.</subfield>
  </datafield>
  <datafield tag="590" ind1=" " ind2=" ">
    <subfield code="a">Inventariado, 2018/ YL</subfield>
  </datafield>
  <datafield tag="600" ind1="1" ind2="4">
    <subfield code="a">GUILLERMIN, GILBERT</subfield>
    <subfield code="x">CORRESPONDENCIAS, MEMORIAS, ETC.</subfield>
    <subfield code="9">43152</subfield>
  </datafield>
  <datafield tag="651" ind1=" " ind2="4">
    <subfield code="a">Rep&#xFA;blica Dominicana</subfield>
    <subfield code="x">Historia</subfield>
    <subfield code="y">HASTA 1808</subfield>
    <subfield code="9">43153</subfield>
  </datafield>
  <datafield tag="651" ind1=" " ind2="4">
    <subfield code="a">Hispaniola</subfield>
    <subfield code="x">Historia</subfield>
    <subfield code="9">43154</subfield>
  </datafield>
  <datafield tag="700" ind1="1" ind2=" ">
    <subfield code="a">Rodr&#xED;guez, Armando,</subfield>
    <subfield code="e">tr.</subfield>
    <subfield code="9">578</subfield>
  </datafield>
  <datafield tag="910" ind1=" " ind2=" ">
    <subfield code="a">Validado. Control de calidad MFF</subfield>
  </datafield>
  <datafield tag="952" ind1=" " ind2=" ">
    <subfield code="0">0</subfield>
    <subfield code="1">0</subfield>
    <subfield code="5">0</subfield>
    <subfield code="7">1</subfield>
    <subfield code="8">RV</subfield>
    <subfield code="a">PD</subfield>
    <subfield code="b">PD</subfield>
    <subfield code="c">HD</subfield>
    <subfield code="d">2018-08-27</subfield>
    <subfield code="i">LF1</subfield>
    <subfield code="l">0</subfield>
    <subfield code="o">972.9303 G958d</subfield>
    <subfield code="p">20475-10</subfield>
    <subfield code="r">2020-06-25</subfield>
    <subfield code="w">2020-06-25</subfield>
    <subfield code="y">1</subfield>
    <subfield code="Z">No se presta</subfield>
  </datafield>
  <datafield tag="999" ind1=" " ind2=" ">
    <subfield code="c">19979</subfield>
    <subfield code="d">19979</subfield>
  </datafield>
</record>
